• 首页
  • 本馆介绍
  • 公告通知
  • 最新文献
  • 馆藏检索
  • 电子资源
  • 读者导购
  • 参考咨询
  • 我的图书馆
  • 登录
  • 详细信息显示
  • 放入我的书架
  • 预约/预借图书
  • 作者相关作品
  • 分类相关作品
  • 丛书相关作品
  • 出版社相关作品

书目信息

  • 表格格式
  • 工作单格式
  • 卡片格式
题名:
电脑自学能
    
 
作者: 程维来
分册:  
出版信息:   成都科技大学出版社  1997. 5
页数: 229页
开本: 16开
丛书名:
单 册:
中图分类: TP30
科图分类:
主题词: 计算技术 , 电子计算机
电子资源:
ISBN:
000 00495nam0 2200193 45
001 0308271093
005 20030827105625.5
100    @a20030827d1997 km y0chiy0120 ea
101    @achi
105    @a z 000yy
200 1  @a电脑自学能@Adian nao zi xue neng@f程维来@Fcheng wei lai
210    @c成都科技大学出版社@d1997. 5
215    @a229页@c无图表@d16开
606 0  @a计算技术
606 0  @a电子计算机
690    @aTP30@v3
701  0 @a程维来
801    @aCN@b@c20030827
905    @aBZT@dTP30@e56
    
    电脑自学能/程维来.-成都科技大学出版社,1997. 5
    229页:无图表;16开
    
    
    ISBN :
    
●
相关链接 在五车中查询图书 在当当中查询图书 在豆瓣中查询图书


正题名:电脑自学能     索取号:TP30/56         预约/预借

序号 登录号 条形码 馆藏地/架位号 状态 备注
1 103142   200057151   中心书库中库/ 中库028架B面7列2层23/ [索取号:TP30/56] 在馆    
山东省滨州职业学院图书馆 欢迎您!
大连网信软件有限公司© 版权所有